Catálogo público

Actividades de los laboratorios del OIEA, 1964- (Record no. 35332)

MARC details
000 -CABECERA
campo de control de longitud fija 01334cam a22003617a 4500
003 - IDENTIFICADOR DEL NÚMERO DE CONTROL
campo de control CHAP
005 - FECHA Y HORA DE LA ÚLTIMA TRANSACCIÓN
campo de control 20220329135357.0
008 - DATOS DE LONGITUD FIJA--INFORMACIÓN GENERAL
campo de control de longitud fija 971013s1964 au a r 00010 spa d
010 ## - NÚMERO DE CONTROL DE LA BIBLIOTECA DEL CONGRESO
Número de control de LC 35332
011 ## - ENLACE DEL NUMERO DE CONTROL DE LA BIBLIOTECA DEL CONGRESO [OBSOLETO]
Número de control de LC 36304
035 ## - NÚMERO DE CONTROL DEL SISTEMA
Número de control de sistema 40423
040 ## - FUENTE DE LA CATALOGACIÓN
Centro/agencia transcriptor CHAP
082 04 - NÚMERO DE LA CLASIFICACIÓN DECIMAL DEWEY
Número de clasificación 539.76
Número de documento/Ítem O7
110 2# - ENTRADA PRINCIPAL--NOMBRE DE ENTIDAD CORPORATIVA
Nombre de entidad corporativa o nombre de jurisdicción como elemento de entrada Organismo Internacional de Energía Atómica
9 (RLIN) 83512
245 10 - MENCIÓN DE TÍTULO
Título Actividades de los laboratorios del OIEA, 1964-
260 ## - PUBLICACIÓN, DISTRIBUCIÓN, ETC.
Lugar de publicación, distribución, etc. Viena :
Nombre del editor, distribuidor, etc. OIEA,
Fecha de publicación, distribución, etc. 1964-
300 ## - DESCRIPCIÓN FÍSICA
Extensión v. :
Otras características físicas ilus.
490 #0 - MENCIÓN DE SERIE
Mención de serie Colección de informes técnicos
500 ## - NOTA GENERAL
Nota general La biblioteca tiene: v.1, 1964 (en español) -- v.2, 1965 (en inglés) -- v.5, 1965 (en inglés)
590 ## - NOTA LOCAL (RLIN)
Nota local BATCH-UPD
Procedencia (VM) [OBSOLETO] 10
Condición del los carretes individuales (VM) [OBSOLETO] 20130109
-- UCH01
-- 2319
590 ## - NOTA LOCAL (RLIN)
Nota local BATCH-UPD
Procedencia (VM) [OBSOLETO] 10
Condición del los carretes individuales (VM) [OBSOLETO] 20130110
-- UCH01
-- 2122
590 ## - NOTA LOCAL (RLIN)
Nota local BATCH-UPD
Procedencia (VM) [OBSOLETO] 10
Condición del los carretes individuales (VM) [OBSOLETO] 20130409
-- UCH01
-- 1841
590 ## - NOTA LOCAL (RLIN)
Nota local BATCH-UPD
Procedencia (VM) [OBSOLETO] 10
Condición del los carretes individuales (VM) [OBSOLETO] 20130410
-- UCH01
-- 1432
590 ## - NOTA LOCAL (RLIN)
Nota local BATCH-UPD
Procedencia (VM) [OBSOLETO] 10
Condición del los carretes individuales (VM) [OBSOLETO] 20130914
-- UCH01
-- 1003
590 ## - NOTA LOCAL (RLIN)
Nota local CONVERSION
Procedencia (VM) [OBSOLETO] 10
Condición del los carretes individuales (VM) [OBSOLETO] 20130109
-- UCH01
-- 1320
650 14 - PUNTO DE ACCESO ADICIONAL DE MATERIA--TÉRMINO DE MATERIA
Término de materia o nombre geográfico como elemento de entrada Energía atómica
Subdivisión general Investigación.
9 (RLIN) 36896
830 0# - PUNTO DE ACCESO ADICIONAL DE SERIE-TÍTULO UNIFORME
Título uniforme Colección de informes técnicos
9 (RLIN) 24800
901 ## - ELEMENTOS DE DATOS A LOCAL LDA (RLIN)
a BK
942 ## - ELEMENTOS DE PUNTO DE ACCESO ADICIONAL (KOHA)
Tipo de ítem Koha Libro
949 ## - PROCESAMIENTO DE INFORMACIÓN LOCAL (OCLC)
a 539.76 O7 1964
b BC
c LIBRO
d 33724000444378
e LIBRO
h 10025
i 40423
s b
949 ## - PROCESAMIENTO DE INFORMACIÓN LOCAL (OCLC)
a 539.76 O7 1965
b BC
c LIBRO
d -404231
e LIBRO
h 10026
i 40423
s b
949 ## - PROCESAMIENTO DE INFORMACIÓN LOCAL (OCLC)
a 539.76 O7 1968
b BC
c LIBRO
d -404232
e LIBRO
h 12431
i 40423
s b
Holdings
Estado de retiro Estado de pérdida Fuente del sistema de clasificación o colocación Estado dañado Restricciones de uso No para préstamo Código de colección Localización permanente Ubicación/localización actual Ubicación en estantería Fecha de adquisición Información codificada de la localización en otra ubicación Total de préstamos Signatura topográfica completa Código de barras Fecha visto por última vez Precio válido a partir de Tipo de ítem Koha
    Dewey Decimal Classification   Préstamo 15 días   General Biblioteca Central Biblioteca Central Planta alta - Colección General 31/12/2019 LIBRO   539.76 O7 1964 33724000444378 31/12/2019 31/12/2019 Libro
    Dewey Decimal Classification   Préstamo 15 días   General Biblioteca Central Biblioteca Central Planta alta - Colección General 31/12/2019 LIBRO   539.76 O7 1965 -404231 31/12/2019 31/12/2019 Libro
    Dewey Decimal Classification   Préstamo 15 días   General Biblioteca Central Biblioteca Central Planta alta - Colección General 31/12/2019 LIBRO   539.76 O7 1968 -404232 31/12/2019 31/12/2019 Libro